Pokémon - Les attaques de Voltoutou - Statistiques

Statistiques générales
  • Ce quiz a été pris 10 fois
  • Le résultat moyen est 8 sur 11
Statistiques - réponses
Niveaux Types Noms des attaques % Correct
Départ Normal Charge
100%
Niveau 20 Électrique Étincelle
100%
Niveau 40 Électrique Éclair Fou
83%
Niveau 30 Ténèbres Mâchouille
83%
Départ Normal Mimi-Queue
83%
Niveau 10 Ténèbres Morsure
83%
Niveau 45 Fée Câlinerie
67%
Niveau 26 Fée Charme
67%
Niveau 5 Électrique Frotte-Frimousse
67%
Niveau 35 Électrique Chargeur
50%
Niveau 15 Normal Hurlement
50%
Aucun quiz correspondant
Distribution des résultats
% des personnes avec chaque résultat
Percentile par nombre de réponses
Votre historique - résultats
Vous n’avez pas pris ce quiz